Statistics for National Park Superlatives

Click here to take the quiz!

General Stats

  • This quiz has been taken 286 times
  • The average score is 6 of 20

Answers on the Map

Answers color-coded by a green-red scale on the quiz's map according to % correct below.
 

Answer Stats

Answer% Correct
Closest to Mexico
70%
Driest
63%
First
53%
Least Visited
53%
Smallest
49%
Deepest Canyon
42%
Highest Paved Road
36%
Closest to Las Vegas
34%
Most Glaciers
34%
Wettest
34%
Most Recent
29%
Most Glaciers in the Lower 48
27%
Lowest High Point
25%
Longest Coastline
20%
Most Deadly (2006-2016)
15%
Most Dispersed
15%
Most Endangered Species
13%
First to Receive an America the Beautiful quarter
12%
Most Seismically Active
9%
Longest Drainage System
6%

Score Distribution

Percentile by Number Answered

Percent of People with Each Score

Your Score History

You have not taken this quiz